Normal view
MARC view
- Probability & Statistics with Reliability, Queuing, and Computer Science applications
Entry Topical Term
001 - CONTROL NUMBER
- control field: 124428
003 - CONTROL NUMBER IDENTIFIER
- control field: NUST
005 - DATE AND TIME OF LATEST TRANSACTION
- control field: 20240711123133.0
008 - FIXED-LENGTH DATA ELEMENTS
- fixed length control field: 240711|| aca||aabn | a|a d
040 ## - CATALOGING SOURCE
- Original cataloging agency: NUST
- Transcribing agency: NUST
150 ## - HEADING--TOPICAL TERM
- Topical term or geographic name entry element: Probability & Statistics with Reliability, Queuing, and Computer Science applications
670 ## - SOURCE DATA FOUND
- Source citation: Work cat.: (NUST): Kishore S. Trivedi 124427, Probability & Statistics with Reliability, Queuing, and Computer Science applications, 1992.
